00650nab a2200205 uc450000100070000000500170000700800410002403500110006503500210007604000130009704100080011010000290011824500580014765000160020565000310022165000320025265000300028470000290031477301010034366273820240201163332.0010508e20001230 spa  a662738 a(OCoLC)819907122 ccomduadb aspa10aRauchle, Fritz4auteaut10aInhibicion e inhibidores en sistemas de refrigeracion aInhibidores aInhibidores de corrosión aSistemas de refrigeración aIntercambiadores de calor10aGarcia, Halter4auteaut0 tRevista de Química (Perú)gVol. 14, No. 02, Dic. 2000, p. 209-223w612485x1012-39460184922